000 00592nam a2200229Ia 4500
003 OSt
005 20220928112215.0
006 a|||||r|||| 00| 0
007 ta
008 220927b |||||||| |||| 00| 0 eng d
024 _a42547
037 _cTextual
040 _aSDCL
_cSDCL
_beng
041 _2eng
_aeng
082 _aS8, M6
100 _aPennington Donald C
_9426847
245 0 _aEssential social psychology.
260 _aLondon
_bEdward Arnold
_c1986
300 _aix,275p.
_ccm.
942 _hS8, M6
_cTEXL
_2CC
999 _c743752
_d743752